Welcome to WEB OPAC of MRSPTU Central Library

Elements of Plant Physiology (Record no. 7552)

MARC details
000 -LEADER
fixed length control field 00395nam a2200157Ia 4500
008 - FIXED-LENGTH DATA ELEMENTS--GENERAL INFORMATION
fixed length control field 230711s9999||||xx |||||||||||||| ||und||
020 ## - INTERNATIONAL STANDARD BOOK NUMBER
International Standard Book Number 978-81-261-4714-4
041 ## - LANGUAGE CODE
Language code of text/sound track or separate title ENG
082 ## - DEWEY DECIMAL CLASSIFICATION NUMBER
Classification number 581.1
Item number HU-P
100 ## - MAIN ENTRY--PERSONAL NAME
Personal name Hussain, G. Jahir
245 #0 - TITLE STATEMENT
Title Elements of Plant Physiology
260 ## - PUBLICATION, DISTRIBUTION, ETC.
Date of publication, distribution, etc. 2011
Place of publication, distribution, etc. New Delhi
Name of publisher, distributor, etc. Anmol Publication(P) Ltd.
300 ## - PHYSICAL DESCRIPTION
Extent 278p.
650 ## - SUBJECT ADDED ENTRY--TOPICAL TERM
Topical term or geographic name entry element Agriculture
942 ## - ADDED ENTRY ELEMENTS (KOHA)
Koha item type Book
Holdings
Withdrawn status Lost status Damaged status Not for loan Collection Home library Current library Date acquired Source of acquisition Cost, normal purchase price Inventory number Total checkouts Full call number Barcode Date last seen Price effective from Koha item type Date last checked out
          MRSPTU Central Library MRSPTU Central Library   Technical Bureau India PVT.LTD 900.00 TB47944713   581.1 HU-P P2124 08/17/2023 08/17/2023 Book  
          MRSPTU Central Library MRSPTU Central Library   Technical Bureau India PVT.LTD 900.00 TB47944713   581.1 HU-P P2125 08/17/2023 08/17/2023 Book  
          MRSPTU Central Library MRSPTU Central Library   Technical Bureau India PVT.LTD 900.00 TB47944713 1 581.1 HU-P P2126 03/18/2024 08/17/2023 Book 03/01/2024
          MRSPTU Central Library MRSPTU Central Library   Technical Bureau India PVT.LTD 900.00 TB47944713   581.1 HU-P P2127 08/17/2023 08/17/2023 Book  
          MRSPTU Central Library MRSPTU Central Library   Technical Bureau India PVT.LTD 900.00 TB47944713   581.1 HU-P P2128 08/17/2023 08/17/2023 Book  

Website Designed and Developed by MRSPTU Central Library Team

E-mail Id: librarian@mrsptu.ac.in